Memoirs of a dance-hall romeo

Bibliographic Details
Main Author: Higgins, Jack
Format: Book
Published: New York : Simon and Schuster , 1989

MARC

LEADER 00000cam a2200000 7i4500
001 0000000489
002 000000572
005 20000330.0
020 |a 0671678434 
090 0 0 |a F   |b HIG 
100 1 |a Higgins, Jack 
245 1 0 |a Memoirs of a dance-hall romeo   |c Jack Higgins 
260 |a New York :   |b Simon and Schuster ,   |c 1989 
300 |a 186p ;   |c 24cm. 
999 |a 029761   |b BUKU   |c PINJAMAN   |e PERPUSTAKAAN KOMUNITI PETALING JAYA 
999 |a 029762   |b BUKU   |c PINJAMAN   |e PERPUSTAKAAN KOMUNITI PETALING JAYA